[Event "Thorigny op 2nd"]
[Site "Thorigny"]
[Date "2006.03.23"]
[Round "1"]
[White "Haie, Victor"]
[Black "Vaast, Jean Philippe"]
[Result "1-0"]
[WhiteElo "1973"]
[BlackElo "1570"]
[PlyCount "31"]
[EventDate "2006.03.22"]
[EventType "swiss"]
[EventRounds "7"]
[EventCountry "FRA"]
[SourceTitle "EXT 2007"]
[Source "ChessBase"]
[SourceDate "2006.11.23"]
[SourceVersion "1"]
[SourceVersionDate "2006.11.23"]
[SourceQuality "1"]

1. e4 e6 2. d4 d5 3. e5 c5 4. c3 Qb6 5. Nf3 Nc6 6. Bd3 Bd7 7. 0-0 cxd4 8. cxd4 Nxd4 9. Nxd4 Qxd4 10. Nc3 Bb4 11. Nb5 Qxe5 12. Qg4 Bd6 13. f4 Bc5+ 14. Kh1 Qb8 15. Qxg7 Ne7 16. Qxh8+ 1-0